00589nam a22002177a 450000500170000001000130001702000100003003500130004003700160005304000120006908200160008110000150009724500570011226000410016927000420021030000210025250000490027365000230032265000230034570000030036820170124110041.0 aA-439827 c00.00 aA-439827 bCen Lib/Ret aDPLbEN a888.08bJAM aMd. Hanief aThe literary critism of Henry James /cby Md. Hanief aNew DelhibMittal Publicationsc1990 aA-110,Mohan GardenbNew Delhie110059 a147p. c21cm(Hb) aIncludes bibliographical reference and index aEnglish Literature aLiterature, Modern